El País que heredamos que debemos defender y queremos construir

Furkejuvvon:
Bibliográfalaš dieđut
Materiálatiipa: Texto
Almmustuhtton: Managua: Departamento de Propaganda y Educación Política del FSLN
Fáddágilkorat: Lasit fáddágilkoriid
Eai fáddágilkorat, Lasit vuosttaš fáddágilkora!

MARC

LEADER 00000 a a2200000 04500
001 22299
003
040
090 |a 151500  
245 |a El País que heredamos que debemos defender y queremos construir  
260 |a Managua:   |b Departamento de Propaganda y Educación Política del FSLN  
300 |a 54 p.  
999 |c 13398  |d 13398